| 000 | 008230am a2200217 004500 | ||
|---|---|---|---|
| 003 | EG-GiCUC | ||
| 008 | 061113s2000 is g 000 0 ara d | ||
| 040 |
_aEG-GiCUC _bara _cEG-GiCUC |
||
| 092 | 0 | 4 |
_a219.3 _bF477 _221 |
| 099 |
_a04 _a219.3 F477 |
||
| 245 | 0 | 2 |
_aالفكر السياسى للحركات الاسلامية : _bتجربة مصر والاردن وفلسطين / _cتحرير محمد اشتية |
| 250 | _aط1 | ||
| 260 |
_aفلسطين : البيرة : _bالمركز الفلسطينى للدراسات الاقليمية : _c2000 |
||
| 300 |
_a182ص ؛ _c24سم |
||
| 650 | 7 |
_aالاسلام و الاصلاح السياسى _2qrmak |
|
| 700 | 1 |
_aاشتيه : محمد سليم _eمحرر |
|
| 902 | _a1 | ||
| 905 |
_aالهام _eمدخل |
||
| 905 |
_aايمان ع _eمراجع |
||
| 942 |
_2ddc _cBK |
||
| 999 |
_c88981 _d88981 |
||